UBT Library

Chemistry of trace elements in fly ash / (Record no. 39925)

000 -LEADER
fixed length control field 00816cam a22002414a 4500
001 - CONTROL NUMBER
control field 13111960
005 - DATE AND TIME OF LATEST TRANSACTION
control field 20180109074542.0
008 - FIXED-LENGTH DATA ELEMENTS--GENERAL INFORMATION
fixed length control field 030305s2003 nyua b 101 0 eng
010 ## - LIBRARY OF CONGRESS CONTROL NUMBER
LC control number 2003044719
020 ## - INTERNATIONAL STANDARD BOOK NUMBER
International Standard Book Number 0306477424
040 ## - CATALOGING SOURCE
Original cataloging agency DLC
Transcribing agency DLC
Modifying agency DLC
041 ## - LANGUAGE CODE
Language code of text/sound track or separate title eng
042 ## - AUTHENTICATION CODE
Authentication code pcc
080 ## - UNIVERSAL DECIMAL CLASSIFICATION NUMBER
Universal Decimal Classification number 621.3121320287 SAJ
082 00 - DEWEY DECIMAL CLASSIFICATION NUMBER
Classification number 621.3121320287 SAJ
Edition number 21
100 ## - Rafti
Rafti 12
101 ## - Shkurtesa
Shkurtesa KIM
245 00 - TITLE STATEMENT
Title Chemistry of trace elements in fly ash /
Statement of responsibility, etc edited by Kenneth S. Sajwan, Ashok K. Alva, and Robert F. Keefer.
504 ## - BIBLIOGRAPHY, ETC. NOTE
Bibliography, etc Includes bibliographical references and index.
906 ## - LOCAL DATA ELEMENT F, LDF (RLIN)
a 7
b cbc
c orignew
d 1
e ocip
f 20
g y-gencatlg
942 ## - ADDED ENTRY ELEMENTS (KOHA)
Source of classification or shelving scheme
Item type Books
Holdings
Withdrawn status Lost status Source of classification or shelving scheme Damaged status Not for loan Collection code Permanent location Current location Shelving location Date acquired Total Checkouts Full call number Barcode Date last seen Price effective from Koha item type
          Koleksioni i përgjithshem UBT - Lipjan UBT - Lipjan Koleksioni i përgjithshem 01/09/2018   621.3121320287 SAJ 002-2995145 01/09/2018 01/09/2018 Books
UBT Library © 2015-2024. All rights reserved University Education for Business and Technology